000 00786nac a22002417a 4500
001 BR6006530
003 BR-BrBNA
005 20250217130711.0
008 230509b bl.|||m| |||| 00| 0 por d
040 _aBR-BrBNA
_bpor
_cBiblioteca Nacional de Agricultura
072 _aF40; L20
090 _aF40 BR6006530
100 1 _aBriquet Junior, R.
110 1 _aServico de Informacao Agricola, Rio de Janeiro, GB (Brasil)
245 1 _aDa ecologia. Consideracoes gerais. Ecologia agricola
260 3 _aRio de Janeiro, GB (Brasil):
_c1944.
300 _a17 p.
490 _aSIA (Brazil)
_vno. 139
650 _aEcologia vegetal
650 _aEcologia animal
856 _uhttps://repositorio-dspace.agricultura.gov.br/bitstream/1/5959/1/1944%20SIA%20139.pdf
942 _2AGRIS
_n0
_cMS
999 _c262258
_d262258